00350nam a22000977a 4500082001200000100001700012245010700029260004100136650004100177700003400218 a200 THE aMustafa Arif aTH-SOF-1316-Robust PCA using Shrinkage Estimates of Covariates and Full Scale Hybrid Feature Selection aIslamabadbNUST College of EMEc2016 aMS-COMPUTER ENGINEERING-73 MSTHESIS aSupervisor DR ARSLAN SHAUKAT